| 000 | 00945nam a22002415i 4500 | ||
|---|---|---|---|
| 001 | 153068 | ||
| 003 | ES-MaACL | ||
| 005 | 20260203151030.0 | ||
| 008 | 041015q1904 sp a |||| | spa d | ||
| 080 | _a821.134.2-32"15" | ||
| 100 | 1 |
_aCervantes Saavedra, Miguel de, _d1547-1616 _9226514 |
|
| 245 | 1 | 3 |
_aEl curioso impertinente / _cMiguel de Cervantes ; ilust. de L. Valera. |
| 260 |
_aMadrid : _bB. Rodríguez Serra, _c[ca. 1904] ( _fImp. de A. Marzo) |
||
| 300 |
_a114 p. : _bil. ; _c13 cm. |
||
| 490 | 1 |
_aBiblioteca Mignon ; _v28 |
|
| 530 | _aDisponible en formato digital. | ||
| 700 | 1 |
_aCoullaut Valera, Lorenzo ( _d1876-1932) _9172578 |
|
| 830 | 1 |
_aBiblioteca Mignon ; _v28 _9186216 |
|
| 852 |
_aES-MaACL _jF-1204(2) _zEncuadernación pasta española, conservando cubierta original _cDEPO2 |
||
| 856 | 4 |
_uhttp://bdh-rd.bne.es/viewer.vm?id=0000197444&page=1 _yBiblioteca Digital Hispánica |
|
| 942 | _2udc | ||
| 999 |
_c153068 _d153068 |
||